00537nam a22001697a 450000500170000001000130001702000230003003500110005303700130006408200080007710000250008524500540011024600420016426000520020627000870025830000220034520190617131435.0 aUR-10207 c150.00a8182233607 aU-8762 bDBAD/PUB a841 aقا سمی شميم aا ڑ ا ن کا مو سم cقا سمی شميم bUdan ka Mausam(Urdu)aby Shamim Qasmi a DelhibEducational Publishing Housec2008 ء  a3191،Vakil Street,Kucha Pandit,Lal Kuan,bDelhie110006k23216162l00911123211540 a132 صc22 Cm(Hb)